000 01938cam a2200397Ia 4500
001 77858
005 20230410120718.0
008 021008s2002 nyu 000 0ceng
035 _a(OCoLC)ocm50751281
040 _aJRZ
_cJRZ
_dEPL
_dVOC
_dXY4
_dBAKER
_dYDXCP
_dNZNSL
_dJBO
_dFLR
020 _a0375422013
020 _a9780375422010
029 1 _aYDXCP
_b1885889
029 1 _aNZ1
_b8915951
029 1 _aAU@
_b000024171709
029 1 _aAU@
_b000024347652
035 _a(OCoLC)50751281
041 1 _aeng
_hchi
043 _aa-cc---
050 1 4 _aHQ1767
_b.X56 2002
082 0 4 _a951.050922
_221
100 0 _aXinran,
_d1958-
245 1 4 _aThe good women of China :
_bhidden voices /
_cXinran ; translated from Chinese by Esther Tyldesley.
250 _a1st American ed.
260 _aNew York :
_bPantheon Books,
_cc2002.
300 _axii, 243 p. ;
_c22 cm.
505 0 _aPrologue -- My journey towards the stories of Chinese women -- Girl who kept a fly as a pet -- University student -- Scavenger woman -- Mothers who endured an earthquake -- What Chinese women believe -- Woman who loved women -- Woman whose marriage was arranged by the revolution -- My mother -- Woman who waited forty-five years -- Guomindang general's daughter -- Childhood I cannot leave behind me -- Woman whose father does not know her -- Fashionable woman -- Women of Shouting Hill -- Epilogue -- Acknowledgements.
520 _aAn unprecedented, intimate account of the lives of modern Chinese women, told by the women themselves--true stories of the political and personal upheavals they have endured in their chaotic and repressive society.
650 0 _aWomen
_zChina
_xSocial conditions.
650 0 _aWomen
_zChina
_vBiography.
700 1 _aTyldesley, Esther.
938 _aBaker & Taylor
_bBKTY
_c24.00
_d18.00
_i0375422013
_n0003920756
_sactive
938 _aYBP Library Services
_bYANK
_n1885889
942 _2lcc
_cbk
994 _aC0
_bDRFGD
999 _c50367
_d50367